[Event "Vila de Sant Boi 2014 - Norma MI"]
[Site "Sant Boi de Llobregat ESP"]
[Date "2014.04.04"]
[Round "1.1"]
[White "Esplugas Esteve, Vicenc"]
[Black "Gonzalez Rodriguez, Jorge A"]
[Result "1/2-1/2"]
[WhiteElo "2238"]
[BlackElo "2398"]
[PlyCount "106"]
[EventDate "2014.04.04"]
[EventType "tourn"]
[EventRounds "9"]
[EventCountry "ESP"]
[Source "lmi"]
[SourceDate "2014.04.04"]

1. d4 Nf6 2. c4 g6 3. Nc3 Bg7 4. e4 O-O 5. f4 d6 6. Nf3 Bg4 7. Be2 Bxf3 8. Bxf3
e5 9. dxe5 dxe5 10. Qxd8 Rxd8 11. fxe5 Nfd7 12. Bg5 Re8 13. O-O-O Nxe5 14. Nd5
Na6 15. Nf6+ Bxf6 16. Bxf6 Nc5 17. Rd5 Ncd7 18. Bh4 Nb6 19. Rb5 c6 20. Rb3
Nexc4 21. Rd1 h6 22. Bf6 Re6 23. Bd8 Kg7 24. Rb4 Re8 25. Bc7 Rac8 26. Bg3 Re7
27. Bf2 c5 28. Rb5 Ne5 29. Kb1 Rec7 30. Bg3 f6 31. Bxe5 fxe5 32. Bg4 Rf8 33.
Rc1 Rf2 34. Bh3 Kf6 35. b3 c4 36. a4 c3 37. a5 Na8 38. Rc2 Rf1+ 39. Ka2 b6 40.
g3 Rh1 41. a6 Rxh2 42. Rxh2 c2 43. Rxc2 Rxc2+ 44. Kb1 Rc5 45. Rxc5 bxc5 46. Kc2
Nc7 47. Bc8 h5 48. Kd3 Ke7 49. Kc4 Kd6 50. b4 cxb4 51. Kxb4 g5 52. Kc4 h4 53.
gxh4 gxh4 1/2-1/2

[Event "Vila de Sant Boi 2014 - Norma MI"]
[Site "Sant Boi de Llobregat ESP"]
[Date "2014.04.04"]
[Round "1.2"]
[White "Perez Mitjans, Orelvis"]
[Black "Dalo, Hermes"]
[Result "1-0"]
[WhiteElo "2402"]
[BlackElo "2235"]
[PlyCount "71"]
[EventDate "2014.04.04"]
[EventType "tourn"]
[EventRounds "9"]
[EventCountry "ESP"]
[Source "lmi"]
[SourceDate "2014.04.04"]

1. e4 c5 2. Nf3 d6 3. d4 cxd4 4. Nxd4 Nf6 5. Nc3 a6 6. Be3 e6 7. Qf3 Qc7 8.
O-O-O Nbd7 9. Kb1 b5 10. Qh3 Nc5 11. f3 b4 12. Nce2 e5 13. Nf5 g6 14. Bxc5 Qxc5
15. Qh4 Ng8 16. Neg3 gxf5 17. Nh5 Be6 18. exf5 Bxf5 19. Bd3 Be6 20. f4 Qa5 21.
b3 exf4 22. Rhe1 Be7 23. Ng7+ Kd7 24. Qxf4 Nf6 25. Bf5 Nh5 26. Bxe6+ fxe6 27.
Nxh5 Qxh5 28. Qe4 e5 29. Qb7+ Ke6 30. Qd5+ Kf6 31. Rd3 Rhg8 32. Rh3 Qe8 33.
Rxh7 Rg4 34. g3 Rg5 35. Rf1+ Rf5 36. Rf7+ 1-0

[Event "Vila de Sant Boi 2014 - Norma MI"]
[Site "Sant Boi de Llobregat ESP"]
[Date "2014.04.04"]
[Round "1.3"]
[White "Lorenzo De La Riva, Lazaro"]
[Black "Amores Gago, Javier"]
[Result "1-0"]
[WhiteElo "2421"]
[BlackElo "2174"]
[PlyCount "79"]
[EventDate "2014.04.04"]
[EventType "tourn"]
[EventRounds "9"]
[EventCountry "ESP"]
[Source "lmi"]
[SourceDate "2014.04.04"]

1. d4 d5 2. c4 c6 3. Nc3 Nf6 4. cxd5 cxd5 5. Bf4 Nc6 6. e3 e6 7. Nf3 Bd6 8. Bg3
O-O 9. Bd3 Re8 10. O-O Bxg3 11. hxg3 e5 12. dxe5 Nxe5 13. Nxe5 Rxe5 14. Be2 Re8
15. Bf3 Be6 16. Qd3 Qb6 17. Qb5 Qxb5 18. Nxb5 Red8 19. Rfd1 a6 20. Nc3 Rac8 21.
Rd4 Kf8 22. Rad1 Ke7 23. a4 h5 24. a5 g5 25. Be2 Rd7 26. Na4 Rd6 27. b4 g4 28.
Nc5 Rc7 29. e4 Rd8 30. f3 Kd6 31. f4 Rxc5 32. bxc5+ Kxc5 33. f5 Bc8 34. e5 Nh7
35. Ra4 Kc6 36. Rc1+ Kd7 37. Rd4 Ke8 38. Bd3 Ng5 39. Rc7 Kf8 40. Kf2 1-0

[Event "Vila de Sant Boi 2014 - Norma MI"]
[Site "Sant Boi de Llobregat ESP"]
[Date "2014.04.04"]
[Round "1.4"]
[White "Hernando Rodrigo, Julio Antoni"]
[Black "Ramirez Garcia, Jorge Alberto"]
[Result "1-0"]
[WhiteElo "2348"]
[BlackElo "2287"]
[PlyCount "123"]
[EventDate "2014.04.04"]
[EventType "tourn"]
[EventRounds "9"]
[EventCountry "ESP"]
[Source "lmi"]
[SourceDate "2014.04.04"]

1. d4 d5 2. c4 e6 3. Nc3 a6 4. Nf3 dxc4 5. a4 c5 6. e3 Nc6 7. Bxc4 Nf6 8. O-O
Be7 9. Qe2 cxd4 10. Rd1 e5 11. exd4 exd4 12. Nxd4 Nxd4 13. Qe5 Qd6 14. Qxd6
Bxd6 15. Rxd4 Bc5 16. Rd1 O-O 17. h3 Bf5 18. Nd5 Ne4 19. Be3 Rae8 20. Rac1 Bxe3
21. Nxe3 Be6 22. Rd4 Bxc4 23. Rcxc4 Ng5 24. Rd7 Ne4 25. Nf5 Re5 26. g4 g6 27.
Ne7+ Kg7 28. Nd5 b5 29. axb5 axb5 30. Rcc7 Nf6 31. Nxf6 Kxf6 32. Rb7 h5 33. Kg2
hxg4 34. hxg4 Rc5 35. Kg3 g5 36. Rd6+ Ke5 37. Rdb6 f5 38. Rxb5 Kd4 39. Rxc5
Kxc5 40. Rg7 fxg4 41. Rxg5+ Kc4 42. Rxg4+ Kb3 43. f4 Kxb2 44. Rg5 Kc3 45. Rd5
Rg8+ 46. Kh4 Kc4 47. Rd7 Rf8 48. Kg5 Rg8+ 49. Kh5 Rf8 50. Kg5 Rg8+ 51. Kf6 Rf8+
52. Rf7 Re8 53. f5 Kd5 54. Re7 Rf8+ 55. Kg6 Kd6 56. f6 Rg8+ 57. Kf7 Rh8 58. Re1
Rh7+ 59. Kg8 Rh2 60. f7 Rg2+ 61. Kf8 Ra2 62. Rg1 1-0

[Event "Vila de Sant Boi 2014 - Norma MI"]
[Site "Sant Boi de Llobregat ESP"]
[Date "2014.04.04"]
[Round "1.5"]
[White "Ryan, Joseph"]
[Black "Chalmeta Ugas, Ramon"]
[Result "0-1"]
[WhiteElo "2271"]
[BlackElo "2252"]
[PlyCount "78"]
[EventDate "2014.04.04"]
[EventType "tourn"]
[EventRounds "9"]
[EventCountry "ESP"]
[Source "lmi"]
[SourceDate "2014.04.04"]

1. e4 c5 2. Nf3 e6 3. b3 a6 4. Bb2 Nc6 5. d4 cxd4 6. Nxd4 d6 7. Nxc6 bxc6 8. g3
Qc7 9. Bg2 Nf6 10. O-O Bb7 11. Nd2 Be7 12. e5 dxe5 13. Nc4 Nd7 14. Qe2 f6 15.
f4 exf4 16. gxf4 Kf7 17. Rae1 Bc5+ 18. Kh1 Rhe8 19. Bh3 Kg8 20. Bxe6+ Kh8 21.
Qh5 Nf8 22. f5 Ba7 23. Qf7 c5+ 24. Kg1 Nxe6 25. fxe6 Re7 26. Rxf6 Rg8 27. Rf2
Qc6 28. Kf1 Rxf7 29. exf7 Rf8 30. Ne5 Qe6 31. c4 Bb8 32. Re3 h6 33. h4 Kh7 34.
h5 Bxe5 35. Rxe5 Qd7 36. Ba3 Rxf7 37. Bxc5 Qd1+ 38. Re1 Qd3+ 39. Ree2 Bf3 0-1

[Event "Vila de Sant Boi 2014 - Norma MI"]
[Site "Sant Boi de Llobregat ESP"]
[Date "2014.04.11"]
[Round "2.1"]
[White "Gonzalez Rodriguez, Jorge A"]
[Black "Chalmeta Ugas, Ramon"]
[Result "1/2-1/2"]
[WhiteElo "2398"]
[BlackElo "2252"]
[PlyCount "20"]
[EventDate "2014.04.04"]
[EventType "tourn"]
[EventRounds "9"]
[EventCountry "ESP"]
[Source "lmi"]
[SourceDate "2014.04.04"]

1. c4 Nf6 2. Nc3 d5 3. cxd5 Nxd5 4. g3 g6 5. Bg2 Nxc3 6. bxc3 Bg7 7. Rb1 c6 8.
Nf3 O-O 9. O-O Nd7 10. c4 e5 1/2-1/2

[Event "Vila de Sant Boi 2014 - Norma MI"]
[Site "Sant Boi de Llobregat ESP"]
[Date "2014.04.11"]
[Round "2.2"]
[White "Ramirez Garcia, Jorge Alberto"]
[Black "Ryan, Joseph"]
[Result "0-1"]
[WhiteElo "2287"]
[BlackElo "2271"]
[PlyCount "136"]
[EventDate "2014.04.04"]
[EventType "tourn"]
[EventRounds "9"]
[EventCountry "ESP"]
[Source "lmi"]
[SourceDate "2014.04.04"]

1. e4 g6 2. Nc3 c6 3. Bc4 d6 4. d4 Bg7 5. Be3 Nf6 6. h3 d5 7. Bd3 dxe4 8. Nxe4
Nxe4 9. Bxe4 Nd7 10. Qd2 Nb6 11. b3 O-O 12. Ne2 e5 13. dxe5 Qxd2+ 14. Bxd2 Bxe5
15. O-O-O a5 16. Be3 Nd7 17. a4 Bg7 18. g3 Nf6 19. Bg2 Bf5 20. Rhe1 h5 21. Nd4
Bd7 22. Bg5 Rfe8 23. Rxe8+ Bxe8 24. Re1 Nd5 25. Nf3 Bf8 26. Ne5 Ba3+ 27. Kb1
Bb4 28. Rf1 Bc3 29. Nc4 f6 30. Bd2 Bxd2 31. Nxd2 Bf7 32. Ne4 Rd8 33. Rd1 f5 34.
Nf6+ Kg7 35. Nxd5 cxd5 36. f4 b6 37. Rd4 h4 38. c4 hxg3 39. cxd5 Kf6 40. Kc2 g5
41. fxg5+ Kxg5 42. Kd3 f4 43. Ke4 Re8+ 44. Kd3 Re3+ 45. Kd2 Rxb3 46. d6 Be6 47.
Bd5 g2 48. Bxg2 Rb2+ 49. Ke1 Rxg2 50. d7 Bxd7 51. Rxd7 Rb2 52. Rg7+ Kf6 53. Rb7
Ke5 54. Re7+ Kd5 55. h4 Rb4 56. h5 Rxa4 57. Kf2 Ra1 58. Kg2 f3+ 59. Kxf3 Rh1
60. Kg4 a4 61. Ra7 b5 62. Kg5 Kc4 63. h6 Kb3 64. Rf7 a3 65. Rf3+ Ka4 66. Rf4+
b4 67. Rf8 a2 68. Ra8+ Kb3 0-1

[Event "Vila de Sant Boi 2014 - Norma MI"]
[Site "Sant Boi de Llobregat ESP"]
[Date "2014.04.11"]
[Round "2.3"]
[White "Amores Gago, Javier"]
[Black "Hernando Rodrigo, Julio Antoni"]
[Result "0-1"]
[WhiteElo "2174"]
[BlackElo "2348"]
[PlyCount "100"]
[EventDate "2014.04.04"]
[EventType "tourn"]
[EventRounds "9"]
[EventCountry "ESP"]
[Source "lmi"]
[SourceDate "2014.04.04"]

1. e4 e6 2. d4 d5 3. exd5 exd5 4. c4 Bb4+ 5. Nc3 Nf6 6. Nf3 O-O 7. Bd3 dxc4 8.
Bxc4 Bg4 9. O-O Bxf3 10. Qxf3 Qxd4 11. Qxb7 Qxc4 12. Qxa8 Bd6 13. Qxa7 Bxh2+
14. Kxh2 Qxf1 15. f3 Re8 16. Qg1 Qc4 17. Bg5 Nbd7 18. Qf2 Qe6 19. Bh4 Qf5 20.
Re1 Ne5 21. Bxf6 Qxf6 22. Qg3 Qh6+ 23. Kg1 Qb6+ 24. Kh2 Re6 25. Re4 f5 26. Rh4
Qd6 27. Nb5 Nxf3+ 28. gxf3 Re2+ 29. Kh3 Qd1 30. Qxc7 Qh1+ 31. Kg3 Rg2+ 32. Kf4
Qxh4+ 33. Ke5 Qf6+ 34. Kd5 Rd2+ 35. Kc5 Rxb2 36. Qb8+ Qf8+ 37. Qxf8+ Kxf8 38.
a4 Rc2+ 39. Kb6 Ra2 40. a5 h5 41. Nd4 h4 42. Nxf5 h3 43. a6 h2 44. Ng3 Ke7 45.
a7 g5 46. Kb7 Ke6 47. Nh1 Kf5 48. Nf2 Kf4 49. Nh3+ Kxf3 50. Nxg5+ Kg4 0-1

[Event "Vila de Sant Boi 2014 - Norma MI"]
[Site "Sant Boi de Llobregat ESP"]
[Date "2014.04.11"]
[Round "2.4"]
[White "Dalo, Hermes"]
[Black "Lorenzo De La Riva, Lazaro"]
[Result "1/2-1/2"]
[WhiteElo "2235"]
[BlackElo "2421"]
[PlyCount "28"]
[EventDate "2014.04.04"]
[EventType "tourn"]
[EventRounds "9"]
[EventCountry "ESP"]
[Source "lmi"]
[SourceDate "2014.04.04"]

1. e4 e5 2. Nf3 Nc6 3. Bb5 a6 4. Bxc6 dxc6 5. Nxe5 Qd4 6. Nf3 Qxe4+ 7. Qe2
Qxe2+ 8. Kxe2 Bg4 9. h3 Bxf3+ 10. Kxf3 Nf6 11. Nc3 O-O-O 12. d3 Nd5 13. Nxd5
cxd5 14. Bf4 Bd6 1/2-1/2

[Event "Vila de Sant Boi 2014 - Norma MI"]
[Site "Sant Boi de Llobregat ESP"]
[Date "2014.04.11"]
[Round "2.5"]
[White "Esplugas Esteve, Vicenc"]
[Black "Perez Mitjans, Orelvis"]
[Result "1/2-1/2"]
[WhiteElo "2238"]
[BlackElo "2402"]
[PlyCount "123"]
[EventDate "2014.04.04"]
[EventType "tourn"]
[EventRounds "9"]
[EventCountry "ESP"]
[Source "lmi"]
[SourceDate "2014.04.04"]

1. d4 d5 2. c4 Nc6 3. Nc3 Nf6 4. Nf3 e6 5. a3 dxc4 6. e4 Na5 7. Bxc4 Nxc4 8.
Qa4+ Bd7 9. Qxc4 c6 10. O-O Be7 11. Bg5 O-O 12. Rfd1 h6 13. Bh4 Nh5 14. Bxe7
Qxe7 15. Qc5 Qxc5 16. dxc5 Rfd8 17. Rd2 Be8 18. Rad1 Rxd2 19. Rxd2 Kf8 20. Ne5
f6 21. Nc4 e5 22. g3 g6 23. b4 Ke7 24. Kg2 Bd7 25. Kf3 g5 26. Rd6 Ng7 27. Na5
Ne8 28. Rd2 b6 29. Nc4 Be6 30. Nd6 bxc5 31. bxc5 Rb8 32. Nxe8 Kxe8 33. Rd6 Ke7
34. Ke3 Bd7 35. f4 Rb3 36. Rd3 Be6 37. Ne2 Rb5 38. Rc3 Rb2 39. fxe5 fxe5 40.
Nc1 Rxh2 41. Nd3 Rg2 42. Kf3 Ra2 43. Nxe5 Bd7 44. Nxd7 Kxd7 45. Rd3+ Kc7 46. e5
Rc2 47. e6 Rxc5 48. Ke4 Rd5 49. Rxd5 cxd5+ 50. Kxd5 h5 51. Ke5 h4 52. gxh4 gxh4
53. Kf6 h3 54. e7 h2 55. e8=Q h1=Q 56. Qe7+ Kb6 57. Qb4+ Kc6 58. Qa4+ Kb7 59.
Qb4+ Kc7 60. Qe7+ Kb8 61. Qf8+ Kb7 62. Qb4+ 1/2-1/2

[Event "Vila de Sant Boi 2014 - Norma MI"]
[Site "Sant Boi de Llobregat ESP"]
[Date "2014.04.25"]
[Round "3.1"]
[White "Perez Mitjans, Orelvis"]
[Black "Gonzalez Rodriguez, Jorge A"]
[Result "1-0"]
[WhiteElo "2402"]
[BlackElo "2398"]
[PlyCount "63"]
[EventDate "2014.04.04"]
[EventType "tourn"]
[EventRounds "9"]
[EventCountry "ESP"]
[Source "lmi"]
[SourceDate "2014.04.04"]

1. e4 e6 2. d4 d5 3. Nc3 Bb4 4. e5 b6 5. Nh3 Qd7 6. Nf4 Ba6 7. Bxa6 Nxa6 8. Qd3
Nb8 9. O-O c5 10. Qg3 g6 11. Nce2 cxd4 12. Nxd4 Nc6 13. Nxc6 Qxc6 14. c3 Bf8
15. Ne2 Bg7 16. Nd4 Qd7 17. h4 h5 18. Bg5 Ne7 19. Rad1 Rc8 20. Rfe1 O-O 21. Bf6
Kh7 22. Rd3 Ng8 23. Bxg7 Kxg7 24. Rf3 b5 25. Rf4 a6 26. Re3 Nh6 27. Qg5 Nf5 28.
Rxf5 exf5 29. e6 fxe6 30. Rxe6 Rf7 31. Rxg6+ Kh8 32. Ne6 1-0

[Event "Vila de Sant Boi 2014 - Norma MI"]
[Site "Sant Boi de Llobregat ESP"]
[Date "2014.04.25"]
[Round "3.2"]
[White "Lorenzo De La Riva, Lazaro"]
[Black "Esplugas Esteve, Vicenc"]
[Result "1-0"]
[WhiteElo "2421"]
[BlackElo "2238"]
[PlyCount "95"]
[EventDate "2014.04.04"]
[EventType "tourn"]
[EventRounds "9"]
[EventCountry "ESP"]
[Source "lmi"]
[SourceDate "2014.04.04"]

1. d4 e6 2. Nf3 Nf6 3. Bg5 b6 4. e3 Bb7 5. Nbd2 h6 6. Bh4 d6 7. h3 Nbd7 8. c3
Qe7 9. a4 g5 10. Bg3 Ne4 11. Nxe4 Bxe4 12. a5 Bg7 13. h4 f5 14. Nd2 Bc6 15.
hxg5 Qxg5 16. axb6 Nxb6 17. Qb3 O-O 18. Qxe6+ Kh7 19. Bf4 Qg6 20. Qxg6+ Kxg6
21. c4 a5 22. Bd3 Na4 23. b3 Nc3 24. f3 a4 25. bxa4 Rfb8 26. O-O Rb2 27. Rf2
Rxa4 28. Rxa4 Bxa4 29. g4 Bc2 30. Nf1 Bxd3 31. gxf5+ Kf7 32. Rxb2 Ne2+ 33. Kg2
Nxf4+ 34. exf4 Bxd4 35. Rd2 Bxf1+ 36. Kxf1 Be3 37. Re2 Bxf4 38. Re6 Bg5 39. Kg2
Bf6 40. Kg3 h5 41. Kf4 Kg7 42. Re8 Kf7 43. Rc8 c5 44. Ra8 Be7 45. Rh8 h4 46.
Rh7+ Kf8 47. Kg4 Bf6 48. Kh5 1-0

[Event "Vila de Sant Boi 2014 - Norma MI"]
[Site "Sant Boi de Llobregat ESP"]
[Date "2014.04.25"]
[Round "3.3"]
[White "Hernando Rodrigo, Julio Antoni"]
[Black "Dalo, Hermes"]
[Result "1/2-1/2"]
[WhiteElo "2348"]
[BlackElo "2235"]
[PlyCount "91"]
[EventDate "2014.04.04"]
[EventType "tourn"]
[EventRounds "9"]
[EventCountry "ESP"]
[Source "lmi"]
[SourceDate "2014.04.04"]

1. d4 Nf6 2. Nf3 g6 3. g3 Bg7 4. Bg2 d5 5. O-O O-O 6. b3 c5 7. c4 cxd4 8. Bb2
dxc4 9. bxc4 Qc7 10. Nxd4 a6 11. Nc3 e5 12. Nb3 Qxc4 13. Ba3 Re8 14. Rc1 Qe6
15. Nc5 Qe7 16. Qb3 Nc6 17. e3 Qc7 18. Nd5 Nxd5 19. Bxd5 Rd8 20. Ne4 Rd7 21.
Rfd1 h6 22. Nd6 Bf8 23. Ne8 Qa5 24. Nf6+ Kg7 25. Nxd7 Bxa3 26. Nb6 Bxc1 27.
Rxc1 Rb8 28. Bxf7 Bh3 29. Bd5 Rf8 30. Qb2 Rf6 31. Be4 Nb4 32. Nd5 Nd3 33. Qxb7+
Rf7 34. Qc6 Nxc1 35. Qxg6+ Kh8 36. Qxh6+ Kg8 37. Bh7+ Rxh7 38. Nf6+ Kf7 39.
Qxh7+ Kxf6 40. Qh8+ Kf7 41. Qxh3 Ne2+ 42. Kf1 Nc3 43. Qd7+ Kf6 44. Qd6+ Kf7 45.
Qd7+ Kf6 46. Qd6+ 1/2-1/2

[Event "Vila de Sant Boi 2014 - Norma MI"]
[Site "Sant Boi de Llobregat ESP"]
[Date "2014.04.25"]
[Round "3.4"]
[White "Ryan, Joseph"]
[Black "Amores Gago, Javier"]
[Result "1-0"]
[WhiteElo "2271"]
[BlackElo "2174"]
[PlyCount "49"]
[EventDate "2014.04.04"]
[EventType "tourn"]
[EventRounds "9"]
[EventCountry "ESP"]
[Source "lmi"]
[SourceDate "2014.04.04"]

1. d4 d5 2. Nf3 Nf6 3. Bf4 c6 4. e3 e6 5. Nbd2 g6 6. Bd3 Bg7 7. c3 O-O 8. h4
Nh5 9. Bh2 f5 10. Qc2 Nd7 11. O-O-O b6 12. Rdg1 c5 13. g4 fxg4 14. Rxg4 c4 15.
Be2 Bb7 16. Rg2 e5 17. Ng5 exd4 18. exd4 Ndf6 19. Bxh5 Nxh5 20. Nxh7 Qxh4 21.
Qxg6 Bc8 22. Nxf8 Bh3 23. Be5 Rxf8 24. Rxh3 Qxh3 25. Qxg7+ 1-0

[Event "Vila de Sant Boi 2014 - Norma MI"]
[Site "Sant Boi de Llobregat ESP"]
[Date "2014.04.25"]
[Round "3.5"]
[White "Chalmeta Ugas, Ramon"]
[Black "Ramirez Garcia, Jorge Alberto"]
[Result "1-0"]
[WhiteElo "2252"]
[BlackElo "2287"]
[PlyCount "105"]
[EventDate "2014.04.04"]
[EventType "tourn"]
[EventRounds "9"]
[EventCountry "ESP"]
[Source "lmi"]
[SourceDate "2014.04.04"]

1. e4 e6 2. d4 d5 3. Nd2 c5 4. exd5 exd5 5. Ngf3 Nc6 6. dxc5 Bxc5 7. Nb3 Bb6 8.
Bd3 Nf6 9. O-O O-O 10. Bf4 Bg4 11. h3 Bh5 12. c3 Re8 13. Bc2 Ne4 14. Bh2 Qf6
15. g4 Bg6 16. Kg2 h5 17. Nbd4 Rad8 18. Ba4 hxg4 19. hxg4 Re7 20. Bxc6 bxc6 21.
Qc1 c5 22. Nc2 Qe6 23. Kh3 Bh5 24. Ne3 d4 25. cxd4 cxd4 26. Nf5 Red7 27. N3h4
Bg6 28. f3 Nc5 29. Re1 Qd5 30. Ne7+ Rxe7 31. Rxe7 d3 32. Qd2 Ne6 33. Re1 Bh7
34. Re5 Qc6 35. R5xe6 fxe6 36. Be5 Rd7 37. Qg5 Bg6 38. Rxg7+ Rxg7 39. Bxg7 e5
40. Bxe5 Kf7 41. Bc3 a6 42. Qxg6+ Qxg6 43. Nxg6 Kxg6 44. Bd2 Bd4 45. b3 Kf6 46.
Kg3 Ke5 47. Kg2 Bc5 48. Kf1 Kd4 49. Ke1 Bd6 50. Kd1 Be5 51. Bh6 a5 52. Kd2 a4
53. Be3+ 1-0

[Event "Vila de Sant Boi 2014 - Norma MI"]
[Site "Sant Boi de Llobregat ESP"]
[Date "2014.05.09"]
[Round "4.1"]
[White "Gonzalez Rodriguez, Jorge A"]
[Black "Ramirez Garcia, Jorge Alberto"]
[Result "1-0"]
[WhiteElo "2398"]
[BlackElo "2287"]
[PlyCount "91"]
[EventDate "2014.04.04"]
[EventType "tourn"]
[EventRounds "9"]
[EventCountry "ESP"]
[Source "lmi"]
[SourceDate "2014.04.04"]

1. c4 e6 2. b3 d5 3. e3 Nf6 4. Bb2 Be7 5. Nf3 O-O 6. d4 b6 7. g3 dxc4 8. bxc4
c5 9. Bg2 Bb7 10. O-O cxd4 11. exd4 Nbd7 12. Nbd2 Qc7 13. Rc1 Rac8 14. Qe2 Rfe8
15. Rc2 b5 16. c5 Bc6 17. Rfc1 Red8 18. Ne5 Bxg2 19. Kxg2 Nxe5 20. dxe5 Qc6+
21. f3 Nd5 22. a3 Bg5 23. Bd4 Rd7 24. Rb1 Bxd2 25. Rxd2 a6 26. Qe4 Ne7 27. Qc2
Rcd8 28. Rbd1 h6 29. h4 Rd5 30. g4 Qc7 31. f4 R8d7 32. Bf2 Rxd2 33. Rxd2 Qc6+
34. Kg3 h5 35. Rd6 Rxd6 36. exd6 Ng6 37. Qd3 e5 38. d7 Qh1 39. d8=Q+ Kh7 40.
gxh5 exf4+ 41. Kg4 Qg2+ 42. Bg3 f5+ 43. Kxf5 Qh3+ 44. Ke4 Qg2+ 45. Kd4 Qg1+ 46.
Kd5 1-0

[Event "Vila de Sant Boi 2014 - Norma MI"]
[Site "Sant Boi de Llobregat ESP"]
[Date "2014.05.09"]
[Round "4.2"]
[White "Amores Gago, Javier"]
[Black "Chalmeta Ugas, Ramon"]
[Result "0-1"]
[WhiteElo "2174"]
[BlackElo "2252"]
[PlyCount "98"]
[EventDate "2014.04.04"]
[EventType "tourn"]
[EventRounds "9"]
[EventCountry "ESP"]
[Source "lmi"]
[SourceDate "2014.04.04"]

1. e4 c5 2. Nf3 e6 3. Nc3 a6 4. d4 cxd4 5. Nxd4 Qc7 6. g3 Nc6 7. Bg2 Nf6 8. O-O
Be7 9. a4 O-O 10. Nb3 d6 11. f4 Bd7 12. Be3 Rac8 13. a5 Nb4 14. Bb6 Qb8 15. g4
Bc6 16. g5 Nd7 17. Be3 f5 18. Nd4 Nc5 19. Nxc6 bxc6 20. exf5 exf5 21. Qe2 d5
22. Rf3 Ne4 23. Rh3 g6 24. Nxe4 fxe4 25. Rd1 Qb5 26. Qg4 Rf5 27. Rxh7 Kxh7 28.
Qh4+ Kg8 29. Qh6 Kf7 30. Qh7+ Ke8 31. Qxg6+ Rf7 32. Qe6 Rc7 33. Bf1 Qxa5 34. g6
Rg7 35. Bd4 Nxc2 36. Bxg7 Qc5+ 37. Kh1 Qf2 38. Qf7+ Kd8 39. Bg2 Ne3 40. Qg8+
Kd7 41. Bh3+ Kd6 42. Qe6+ Kc5 43. Bd4+ Kb4 44. Bxe3 Qf3+ 45. Kg1 Qxe3+ 46. Kf1
Qxf4+ 47. Ke2 Qf3+ 48. Ke1 Bh4+ 49. Kd2 Qd3+ 0-1

[Event "Vila de Sant Boi 2014 - Norma MI"]
[Site "Sant Boi de Llobregat ESP"]
[Date "2014.05.09"]
[Round "4.3"]
[White "Dalo, Hermes"]
[Black "Ryan, Joseph"]
[Result "0-1"]
[WhiteElo "2235"]
[BlackElo "2271"]
[PlyCount "116"]
[EventDate "2014.04.04"]
[EventType "tourn"]
[EventRounds "9"]
[EventCountry "ESP"]
[Source "lmi"]
[SourceDate "2014.04.04"]

1. Nf3 g6 2. d4 Bg7 3. c4 d6 4. e4 e5 5. Be3 exd4 6. Bxd4 Nf6 7. Bd3 Nc6 8. Bc3
O-O 9. O-O Re8 10. Nbd2 Ne5 11. Nxe5 dxe5 12. Be2 a5 13. Qc2 Qe7 14. Rfd1 b6
15. Nf1 Bb7 16. Bf3 Bh6 17. Bd2 Bxd2 18. Rxd2 Rad8 19. Rad1 Rxd2 20. Rxd2 Rd8
21. Rxd8+ Qxd8 22. Ne3 Qd6 23. Nd5 Nd7 24. h4 h5 25. Qc1 Kg7 26. Qg5 f6 27. Qe3
Bxd5 28. exd5 f5 29. g3 e4 30. Be2 Qe5 31. Qf4 Qxf4 32. gxf4 Kf7 33. Kf1 Ke7
34. Ke1 Kd6 35. Kd2 Kc5 36. Kc3 b5 37. cxb5 Nb6 38. Bf1 Nxd5+ 39. Kb3 Nxf4 40.
Ka4 Kb6 41. b4 axb4 42. Kxb4 e3 43. fxe3 Nd5+ 44. Kb3 Nxe3 45. Be2 Ng2 46. a4
Nxh4 47. Kb4 f4 48. a5+ Ka7 49. Kc5 Nf5 50. Bf3 h4 51. b6+ cxb6+ 52. axb6+ Kb8
53. Kd5 g5 54. Ke5 Ne3 55. Bh1 h3 56. Ke4 Kb7 57. Ke5+ Kxb6 58. Kf6 g4 0-1

[Event "Vila de Sant Boi 2014 - Norma MI"]
[Site "Sant Boi de Llobregat ESP"]
[Date "2014.05.09"]
[Round "4.4"]
[White "Esplugas Esteve, Vicenc"]
[Black "Hernando Rodrigo, Julio Antoni"]
[Result "1-0"]
[WhiteElo "2238"]
[BlackElo "2348"]
[PlyCount "65"]
[EventDate "2014.04.04"]
[EventType "tourn"]
[EventRounds "9"]
[EventCountry "ESP"]
[Source "lmi"]
[SourceDate "2014.04.04"]

1. d4 Nf6 2. c4 e6 3. Nc3 Bb4 4. f3 b6 5. e4 Ba6 6. Nh3 Nc6 7. Be3 Na5 8. Qa4
c5 9. e5 Ng8 10. Kf2 Bxc3 11. bxc3 Qc7 12. Ng5 Ne7 13. d5 Qxe5 14. Re1 O-O 15.
Qxd7 Qxc3 16. Qxe7 exd5 17. cxd5 Rae8 18. Qxe8 Rxe8 19. Bxa6 f5 20. Bf4 Rd8 21.
Re7 h6 22. Ne6 Qb2+ 23. Kg3 g5 24. Nxd8 gxf4+ 25. Kh3 Qxa2 26. d6 Qd5 27. Rhe1
Nb3 28. R1e6 Nd4 29. Rg6+ Kf8 30. Rf7+ Qxf7 31. Nxf7 Kxf7 32. d7 Ke7 33. Bc8
1-0

[Event "Vila de Sant Boi 2014 - Norma MI"]
[Site "Sant Boi de Llobregat ESP"]
[Date "2014.05.09"]
[Round "4.5"]
[White "Perez Mitjans, Orelvis"]
[Black "Lorenzo De La Riva, Lazaro"]
[Result "1-0"]
[WhiteElo "2402"]
[BlackElo "2421"]
[PlyCount "95"]
[EventDate "2014.04.04"]
[EventType "tourn"]
[EventRounds "9"]
[EventCountry "ESP"]
[Source "lmi"]
[SourceDate "2014.04.04"]

1. e4 c5 2. Nf3 e6 3. d4 cxd4 4. Nxd4 Nf6 5. Nc3 Nc6 6. Nxc6 bxc6 7. Bd3 d5 8.
O-O Be7 9. Bf4 Qb6 10. Rb1 Ba6 11. e5 Nd7 12. Qg4 g6 13. h4 h5 14. Qg3 Bxd3 15.
cxd3 Qd8 16. Bg5 Bxg5 17. hxg5 h4 18. Qe3 a5 19. d4 a4 20. Rfc1 Ra6 21. f4 h3
22. g3 h2+ 23. Kh1 Nb6 24. Qd3 Ra8 25. Nd1 Rc8 26. Ne3 Nd7 27. Ng4 Qa5 28. b4
axb3 29. Rxb3 Rh3 30. a3 c5 31. dxc5 Rxc5 32. Rcb1 Kf8 33. Qf1 Rh5 34. Qe1 Qa4
35. Nf6 Nxf6 36. gxf6 Kg8 37. Rb8+ Kh7 38. R8b7 Qxa3 39. Rxf7+ Kh6 40. Qf1 Qe3
41. Re1 Qxg3 42. Rf8 Rc7 43. Rh8+ Rh7 44. Ra8 Rf5 45. Ra2 Rxf4 46. Qg2 Qh4 47.
Re3 Rf5 48. Rh3 1-0

[Event "Vila de Sant Boi 2014 - Norma MI"]
[Site "Sant Boi de Llobregat ESP"]
[Date "2014.05.16"]
[Round "5.1"]
[White "Lorenzo De La Riva, Lazaro"]
[Black "Gonzalez Rodriguez, Jorge A"]
[Result "1/2-1/2"]
[WhiteElo "2421"]
[BlackElo "2398"]
[PlyCount "88"]
[EventDate "2014.04.04"]
[EventType "tourn"]
[EventRounds "9"]
[EventCountry "ESP"]
[Source "lmi"]
[SourceDate "2014.04.04"]

1. c4 Nf6 2. Nf3 b6 3. g3 c5 4. Bg2 Bb7 5. O-O g6 6. b3 Bg7 7. Bb2 O-O 8. d3 d5
9. cxd5 Bxd5 10. Nc3 Bb7 11. a3 Nc6 12. Ne5 Qc7 13. Nxc6 Bxc6 14. Bxc6 Qxc6 15.
b4 c4 16. dxc4 Qxc4 17. Qa4 Ne4 18. Nxe4 Bxb2 19. Rab1 Bg7 20. Ng5 Qxe2 21.
Rbe1 Qg4 22. h4 h6 23. Re4 Qc8 24. Nf3 Qb7 25. Rfe1 Rac8 26. Ne5 b5 27. Qb3 e6
28. Qe3 a6 29. h5 g5 30. Rd4 Rfd8 31. Rxd8+ Rxd8 32. Rc1 Rd5 33. Nc6 Qd7 34.
Kg2 Rd3 35. Ne7+ Kh7 36. Qe4+ f5 37. Qe2 Rd2 38. Qe3 Rd3 39. Rc7 Qxc7 40. Qxe6
Rd8 41. Qxf5+ Kh8 42. Ng6+ Kg8 43. Qe6+ Qf7 44. Ne7+ Kf8 1/2-1/2